[Event "AUT-chT2M 2122"]
[Site "Austria"]
[Date "2022.04.30"]
[Round "10.6"]
[White "Frank, Emanuel"]
[Black "Horvath, Adam"]
[Result "0-1"]
[WhiteElo "2194"]
[BlackElo "2495"]
[PlyCount "84"]
[EventDate "2021.10.01"]
[EventType "team-tourn"]
[EventRounds "11"]
[EventCountry "AUT"]
[SourceTitle "EXT 2023"]
[Source "ChessBase"]
[SourceDate "2022.10.05"]
[SourceVersion "1"]
[SourceVersionDate "2022.10.05"]
[SourceQuality "1"]
[WhiteTeam "Villach Admira"]
[BlackTeam "Gleisdorf"]
[WhiteTeamCountry "AUT"]
[BlackTeamCountry "AUT"]

1. d4 Nf6 2. c4 e6 3. g3 d5 4. Bg2 dxc4 5. Nf3 Bd7 6. Ne5 Bc6 7. Nxc6 Nxc6 8. 0-0 Qd7 9. Nc3 Rd8 10. Qa4 Nxd4 11. Qxc4 c5 12. a4 Nd5 13. Nb5 Nb6 14. Qd3 Be7 15. Nxd4 cxd4 16. Qe4 Nc4 17. Qxb7 Qxb7 18. Bxb7 Na5 19. Ba6 0-0 20. Bf4 Nb3 21. Ra2 g5 22. Bc1 Rc8 23. Bxc8 Rxc8 24. Bxg5 Bxg5 25. Rd1 Rc2 26. Ra3 Rxb2 27. a5 e5 28. Kf1 Be7 29. Ra4 Nd2+ 30. Kg2 Ne4 31. Rc1 Nc3 32. Rc4 Rxe2 33. Rc7 Bg5 34. Rf1 Ra2 35. Rxa7 d3 36. Rc7 Nd5 37. Rc8+ Kg7 38. Kf3 f5 39. Rb1 e4+ 40. Kg2 e3 41. Rb7+ Be7 42. Rd8 e2 0-1

[Event "Innsbruck op 5th"]
[Site "Innsbruck"]
[Date "2021.08.25"]
[Round "6"]
[White "Frank, Emanuel"]
[Black "Mayrhuber, Tobias"]
[Result "1-0"]
[WhiteElo "2188"]
[BlackElo "2022"]
[PlyCount "99"]
[EventDate "2021.08.21"]
[EventType "swiss"]
[EventRounds "9"]
[EventCountry "AUT"]
[SourceTitle "CBM 204 Extra"]
[Source "ChessBase"]
[SourceDate "2021.11.30"]
[SourceVersion "1"]
[SourceVersionDate "2021.11.30"]
[SourceQuality "1"]

1. d4 d5 2. c4 e6 3. Nf3 Nf6 4. g3 Bb4+ 5. Bd2 Be7 6. Bg2 c6 7. Qc2 Nbd7 8. 0-0 0-0 9. Rd1 b6 10. b3 Bb7 11. Nc3 c5 12. cxd5 Nxd5 13. Nxd5 Bxd5 14. e4 Bb7 15. Be3 cxd4 16. Nxd4 Rc8 17. Qe2 a6 18. Bh3 Kh8 19. f3 Qe8 20. a3 Ne5 21. f4 Nc6 22. b4 Bf6 23. e5 Be7 24. Nb3 a5 25. b5 Na7 26. a4 Rc3 27. Rd3 Nxb5 28. axb5 Qxb5 29. Nc1 Rxd3 30. Nxd3 Ba6 31. Bf1 Qb3 32. Qa2 Qxa2 33. Rxa2 Bc4 34. Ra1 Rb8 35. Nb2 Bb3 36. Bc4 Bc2 37. Bb5 g5 38. fxg5 Rc8 39. Nc4 Bc5 40. Bxc5 Rxc5 41. Nd6 Kg7 42. Rf1 Rxe5 43. Rxf7+ Kg6 44. h4 Kh5 45. Kf2 h6 46. Rf6 Kg4 47. Rf4+ Kh3 48. gxh6 a4 49. Bxa4 Bd3 50. Bd1 1-0

[Event "Innsbruck op 5th"]
[Site "Innsbruck"]
[Date "2021.08.22"]
[Round "2"]
[White "Frank, Emanuel"]
[Black "Kristoferitsch, Daniel"]
[Result "0-1"]
[WhiteElo "2188"]
[BlackElo "2325"]
[PlyCount "208"]
[EventDate "2021.08.21"]
[EventType "swiss"]
[EventRounds "9"]
[EventCountry "AUT"]
[SourceTitle "CBM 204 Extra"]
[Source "ChessBase"]
[SourceDate "2021.11.30"]
[SourceVersion "1"]
[SourceVersionDate "2021.11.30"]
[SourceQuality "1"]

1. d4 Nf6 2. c4 e6 3. Nc3 Bb4 4. e3 0-0 5. Bd3 d5 6. Nf3 dxc4 7. Bxc4 c5 8. 0-0 cxd4 9. exd4 b6 10. Qe2 Bb7 11. Rd1 h6 12. a3 Bxc3 13. bxc3 Nc6 14. Bd3 Rc8 15. c4 Na5 16. Be3 Bxf3 17. gxf3 Kh8 18. Rab1 Qe7 19. Bd2 Nc6 20. Bb4 Nxb4 21. axb4 Rfd8 22. Qe5 Nd7 23. Qe3 Qh4 24. Qe4 Qg5+ 25. Qg4 Nf6 26. Qxg5 hxg5 27. Be2 Rc7 28. Rb2 Nh5 29. Ra2 Nf4 30. Bf1 g6 31. h3 Kg7 32. Kh2 f5 33. Rda1 Rdd7 34. c5 Kf6 35. c6 Rh7 36. b5 Rhe7 37. Kg3 Nh5+ 38. Kh2 Nf4 39. Ra3 Rh7 40. R1a2 Rhe7 41. Re3 Kf7 42. Bc4 Ke8 43. Bxe6 Rxe6 44. Rxe6+ Nxe6 45. d5 Nd4 46. d6 Rxc6 47. bxc6 Nxc6 48. Kg3 b5 49. Ra6 Kd7 50. f4 g4 51. hxg4 Kxd6 52. Kh4 b4 53. Kg5 Kc5 54. Kxg6 b3 55. Ra1 a5 56. gxf5 a4 57. f6 Nd8 58. f7 Nxf7 59. Kxf7 b2 60. Rb1 a3 61. f5 a2 62. Rxb2 a1Q 63. Re2 Qh1 64. Re7 Qh5+ 65. Ke6 Qg4 66. f3 Qg8+ 67. Kf6 Kd6 68. Re6+ Kd7 69. Re7+ Kd8 70. Re6 Qf8+ 71. Kg6 Kd7 72. f4 Qg8+ 73. Kf6 Qd8+ 74. Kf7 Qh4 75. Kg6 Qxf4 76. Kf6 Qh6+ 77. Ke5 Qh8+ 78. Kf4 Qg7 79. Re4 Kd6 80. Re6+ Kd5 81. Re8 Qf6 82. Re6 Qh4+ 83. Kf3 Qg5 84. Re3 Qxf5+ 85. Kg3 Kd4 86. Ra3 Qg5+ 87. Kh3 Qh5+ 88. Kg2 Qe2+ 89. Kh3 Qe6+ 90. Kg2 Qc6+ 91. Kh3 Ke4 92. Rg3 Qd7+ 93. Kg2 Qd1 94. Kf2 Qd2+ 95. Kg1 Kf4 96. Rh3 Kg4 97. Rh2 Qe1+ 98. Kg2 Qg3+ 99. Kh1 Qf4 100. Rf2 Qe4+ 101. Kh2 Kh4 102. Rg2 Qe5+ 103. Kg1 Kh3 104. Kf1 Qa1+ 0-1

[Event "Innsbruck op 5th"]
[Site "Innsbruck"]
[Date "2021.08.22"]
[Round "3"]
[White "Jetzl, Julian"]
[Black "Frank, Emanuel"]
[Result "0-1"]
[WhiteElo "1727"]
[BlackElo "2188"]
[PlyCount "62"]
[EventDate "2021.08.21"]
[EventType "swiss"]
[EventRounds "9"]
[EventCountry "AUT"]
[SourceTitle "CBM 204 Extra"]
[Source "ChessBase"]
[SourceDate "2021.11.30"]
[SourceVersion "1"]
[SourceVersionDate "2021.11.30"]
[SourceQuality "1"]

1. d4 d5 2. c4 e6 3. Nc3 c6 4. e4 Bb4 5. cxd5 exd5 6. e5 c5 7. a3 Ba5 8. Bb5+ Nc6 9. Nf3 Nge7 10. 0-0 c4 11. Bg5 0-0 12. Qa4 h6 13. Bh4 g5 14. Bg3 g4 15. Nd2 Nxd4 16. Qd1 Bxc3 17. bxc3 Nxb5 18. Rc1 Ng6 19. a4 Nc7 20. f3 Qg5 21. Qe2 Bf5 22. Qf2 Bd3 23. Rfe1 h5 24. f4 Qf5 25. Nf1 Bxf1 26. Rxf1 Ne6 27. Rcd1 Rfd8 28. h4 b6 29. Qe3 Nc5 30. a5 Ne4 31. Rd4 Ne7 0-1

[Event "Innsbruck op 5th"]
[Site "Innsbruck"]
[Date "2021.08.21"]
[Round "1"]
[White "Hengl, Philip"]
[Black "Frank, Emanuel"]
[Result "0-1"]
[WhiteElo "1974"]
[BlackElo "2188"]
[PlyCount "112"]
[EventDate "2021.08.21"]
[EventType "swiss"]
[EventRounds "9"]
[EventCountry "AUT"]
[SourceTitle "CBM 204 Extra"]
[Source "ChessBase"]
[SourceDate "2021.11.30"]
[SourceVersion "1"]
[SourceVersionDate "2021.11.30"]
[SourceQuality "1"]

1. e4 e5 2. Nf3 Nc6 3. Bb5 a6 4. Ba4 Nf6 5. 0-0 Be7 6. Re1 b5 7. Bb3 d6 8. c3 0-0 9. h3 Na5 10. Bc2 c5 11. d4 Qc7 12. d5 Ne8 13. b3 g6 14. a4 Rb8 15. axb5 axb5 16. Nbd2 Nb7 17. Nf1 Bd7 18. Ng3 Ng7 19. Bh6 Nd8 20. Qd2 f6 21. Ra2 Nf7 22. Bxg7 Kxg7 23. Rea1 c4 24. b4 Bd8 25. Ra6 Qb7 26. Bb1 Bb6 27. h4 Nh6 28. Nh2 Ra8 29. Qa2 Rxa6 30. Qxa6 Qb8 31. Ra2 f5 32. Kh1 Ng8 33. exf5 gxf5 34. Nf3 Ne7 35. Rd2 Qa7 36. Qxa7 Bxa7 37. Ng5 h6 38. Ne6+ Bxe6 39. dxe6 d5 40. Ra2 Bb6 41. Kg1 Kf6 42. Ra6 Rb8 43. Nh5+ Kxe6 44. Ng7+ Kd6 45. Nxf5+ Nxf5 46. Bxf5 d4 47. Kf1 dxc3 48. f3 Kc7 49. Ra3 Be3 50. Ke2 Bd2 51. Be4 Rd8 52. Ra2 Bc1 53. g4 Bb2 54. g5 hxg5 55. h5 Rd2+ 56. Ke3 Rh2 0-1

[Event "Spilimbergo op 19th"]
[Site "Spilimbergo"]
[Date "2021.08.09"]
[Round "1"]
[White "Sivuk, Vitaly"]
[Black "Frank, Emanuel"]
[Result "1-0"]
[WhiteElo "2589"]
[BlackElo "2188"]
[PlyCount "66"]
[EventDate "2021.08.09"]
[EventType "swiss"]
[EventRounds "9"]
[EventCountry "ITA"]
[SourceTitle "CBM 203 Extra"]
[Source "ChessBase"]
[SourceDate "2021.09.30"]
[SourceVersion "1"]
[SourceVersionDate "2021.09.30"]
[SourceQuality "1"]

1. d4 d5 2. c4 e6 3. Nf3 c6 4. Qc2 Nf6 5. g3 dxc4 6. Qxc4 b5 7. Qc2 Bb7 8. Bg2 Nbd7 9. a4 Rc8 10. Ne5 Nxe5 11. dxe5 Nd5 12. 0-0 Be7 13. Nd2 Qc7 14. axb5 Qxe5 15. Nf3 Qb8 16. Qa4 0-0 17. e4 cxb5 18. Qxa7 Nb4 19. Bf4 Qa8 20. Nd4 Bc5 21. Qxa8 Rxa8 22. Nb3 Be7 23. Rad1 Rfd8 24. Bc7 Rd3 25. Na5 Rc8 26. Nxb7 Rxc7 27. e5 Rxd1 28. Rxd1 Nc6 29. Bxc6 Rxc6 30. Rd2 Kf8 31. Nd6 Bxd6 32. exd6 Ke8 33. Kf1 Kf8 1-0

[Event "Ceske Budejovice op"]
[Site "Ceske Budejovice"]
[Date "2021.07.07"]
[Round "7"]
[White "Frank, Emanuel"]
[Black "Velicka, Petr"]
[Result "0-1"]
[WhiteElo "2199"]
[BlackElo "2408"]
[PlyCount "130"]
[EventDate "2021.07.01"]
[EventType "swiss"]
[EventRounds "9"]
[EventCountry "CZE"]
[SourceTitle "CBM 203 Extra"]
[Source "ChessBase"]
[SourceDate "2021.09.30"]
[SourceVersion "1"]
[SourceVersionDate "2021.09.30"]
[SourceQuality "1"]

1. d4 d5 2. c4 c6 3. Nf3 Nf6 4. Qc2 g6 5. Bf4 Bf5 6. Qb3 Qb6 7. e3 Bg7 8. Nc3 0-0 9. h3 Nbd7 10. Be2 h6 11. 0-0 g5 12. Bh2 e6 13. c5 Qxb3 14. axb3 Ne4 15. b4 a6 16. Rfd1 Rfe8 17. Nxe4 Bxe4 18. Bd6 e5 19. Nxe5 Nxe5 20. Bxe5 Bxe5 21. dxe5 Rxe5 22. Rd4 Rae8 23. Rad1 R8e7 24. Kf1 Kg7 25. Bd3 f5 26. Bxe4 fxe4 27. Ke2 Rf7 28. Rf1 Ref5 29. Rd2 Kg6 30. Rdd1 h5 31. Rd2 g4 32. hxg4 hxg4 33. g3 Rh7 34. Rdd1 Rh2 35. Rd2 Rf3 36. Ke1 Kf7 37. Rd1 Ke7 38. Rd2 Kd7 39. Rd1 Kc7 40. Rd2 Kb8 41. Rd1 Kc8 42. Rd2 Kc7 43. Rd1 Rf8 44. Ke2 Rg2 45. Ke1 Rh8 46. Rd2 b6 47. Ke2 Rh3 48. Kd1 Rh7 49. Ke2 Rgh2 50. Rdd1 Rh8 51. Kd2 Rf8 52. Ke2 Rf3 53. Ke1 Kb7 54. Rd2 bxc5 55. bxc5 a5 56. b4 a4 57. Kd1 a3 58. Kc2 a2 59. Kb2 Rxe3 60. fxe3 Rxd2+ 61. Ka1 d4 62. b5 cxb5 63. Rf4 Rc2 64. Rxe4 d3 65. Rd4 d2 0-1

[Event "Prague op"]
[Site "Prague"]
[Date "2021.06.15"]
[Round "2"]
[White "Kraus, Tomas"]
[Black "Frank, Emanuel"]
[Result "1-0"]
[WhiteElo "2466"]
[BlackElo "2182"]
[PlyCount "119"]
[EventDate "2021.06.14"]
[EventType "swiss"]
[EventRounds "9"]
[EventCountry "CZE"]
[SourceTitle "CBM 203 Extra"]
[Source "ChessBase"]
[SourceDate "2021.09.30"]
[SourceVersion "1"]
[SourceVersionDate "2021.09.30"]
[SourceQuality "1"]

1. e4 e5 2. Nf3 Nc6 3. Bb5 a6 4. Ba4 Nf6 5. 0-0 Be7 6. Re1 b5 7. Bb3 d6 8. a4 b4 9. d4 Bg4 10. dxe5 Nxe5 11. Nbd2 0-0 12. h3 Bc8 13. Nxe5 dxe5 14. Qf3 Bc5 15. Nc4 Qe7 16. Bg5 h6 17. Bh4 g5 18. Bg3 g4 19. Qe2 Nh5 20. Bxe5 g3 21. Rf1 Bxf2+ 22. Rxf2 gxf2+ 23. Qxf2 Be6 24. Bd4 Qg5 25. Be3 Qg6 26. Qf3 Kh7 27. Kh2 f6 28. Bc5 Rg8 29. Bxb4 Nf4 30. Ne3 Bxb3 31. Qxf4 Bxc2 32. Ng4 Bxe4 33. Qxe4 f5 34. Qe7+ Rg7 35. Nf6+ Kh8 36. Qe2 Qxf6 37. Bc3 Qd6+ 38. Kh1 Rag8 39. Rf1 Qg6 40. Qf3 Rf8 41. Rc1 Rff7 42. b4 Kh7 43. Bxg7 Qxg7 44. a5 Qb2 45. Qf4 Rg7 46. Qxf5+ Kh8 47. Qf8+ Kh7 48. Qf5+ Kh8 49. Qf8+ Kh7 50. Rg1 Qc2 51. Qf3 Qc4 52. Qf5+ Kh8 53. Re1 Qc6 54. Re4 Qc1+ 55. Kh2 Qc6 56. Qe6 Qd6+ 57. Qxd6 cxd6 58. Re6 Kh7 59. Rxd6 Rb7 60. Rb6 1-0

[Event "AUT-ch Blitz"]
[Site "Graz"]
[Date "2021.06.06"]
[Round "2"]
[White "Blohberger, Felix"]
[Black "Frank, Emanuel"]
[Result "0-1"]
[WhiteElo "2475"]
[BlackElo "2182"]
[PlyCount "76"]
[EventDate "2021.06.06"]
[EventType "swiss (blitz)"]
[EventRounds "11"]
[EventCountry "AUT"]
[SourceTitle "CBM 202 Extra"]
[Source "ChessBase"]
[SourceDate "2021.07.31"]
[SourceVersion "1"]
[SourceVersionDate "2021.07.31"]
[SourceQuality "1"]

1. e4 e5 2. Nf3 Nc6 3. Bc4 Nf6 4. Ng5 d5 5. exd5 Na5 6. Bb5+ c6 7. dxc6 bxc6 8. Bd3 Ng4 9. Nf3 Bc5 10. 0-0 0-0 11. h3 Nxf2 12. Rxf2 f5 13. Bf1 Bxf2+ 14. Kxf2 e4 15. Nc3 exf3 16. Qxf3 Qd4+ 17. Qe3 Qf6 18. Kg1 f4 19. Qf2 Be6 20. d3 Nb7 21. Ne4 Qe5 22. Bd2 Qxb2 23. Bc3 Qb6 24. Bd4 Qc7 25. Qh4 h6 26. Re1 Bd5 27. Qg4 Bxe4 28. Rxe4 f3 29. gxf3 Nd6 30. Be5 Qb6+ 31. Kh1 Nf5 32. Re1 Qf2 33. Rb1 h5 34. Qg2 Qe3 35. f4 Nh4 36. Qe4 Qxe4+ 37. dxe4 Nf3 38. Rb7 Nxe5 0-1

[Event "AUT-ch Rapid"]
[Site "Graz"]
[Date "2021.06.05"]
[Round "6"]
[White "Ragger, Markus"]
[Black "Frank, Emanuel"]
[Result "1-0"]
[WhiteElo "2680"]
[BlackElo "2182"]
[PlyCount "129"]
[EventDate "2021.06.04"]
[EventType "swiss (rapid)"]
[EventRounds "9"]
[EventCountry "AUT"]
[SourceTitle "CBM 202 Extra"]
[Source "ChessBase"]
[SourceDate "2021.07.31"]
[SourceVersion "1"]
[SourceVersionDate "2021.07.31"]
[SourceQuality "1"]

1. e4 e5 2. Nf3 Nc6 3. Bc4 Nf6 4. d3 Be7 5. 0-0 0-0 6. Re1 d6 7. a4 Be6 8. Bxe6 fxe6 9. c3 Qe8 10. b4 a6 11. Nbd2 Nh5 12. Nf1 Nf4 13. d4 Qg6 14. Bxf4 Rxf4 15. dxe5 Nxe5 16. Nxe5 dxe5 17. Qd3 a5 18. Qc4 Bd6 19. Ra2 axb4 20. cxb4 Qe8 21. a5 Qe7 22. Rb1 Rff8 23. Ne3 Kh8 24. Qc3 Ra6 25. b5 Ra7 26. Nc4 Rfa8 27. h3 h6 28. Rd2 Kh7 29. Rd3 Qh4 30. Nxd6 cxd6 31. Rxd6 Qxe4 32. Re1 Qa4 33. Qxe5 Qxa5 34. Rxe6 Qxe1+ 35. Qxe1 Ra1 36. Kf1 Rxe1+ 37. Kxe1 Rd8 38. Re7 b6 39. Re6 Rb8 40. Ke2 Kg8 41. f4 Kf7 42. f5 h5 43. Ke3 Rb7 44. Kf4 h4 45. Kg4 Rd7 46. Kxh4 Rd5 47. Rxb6 Rxf5 48. Kg4 Rf2 49. g3 Rb2 50. Kf5 Rb3 51. Rb7+ Kf8 52. Kf4 Rb4+ 53. Kg5 Rb3 54. Kh4 Rb4+ 55. g4 Rb3 56. b6 Kg8 57. Kg5 Rxh3 58. Rd7 Rb3 59. b7 Kh7 60. Kf5 Rb6 61. Ke5 Rb1 62. Kd6 Kg6 63. Kc7 Rc1+ 64. Kd8 Rb1 65. Kc8 1-0

[Event "AUT-chT2M 2021"]
[Site "Graz"]
[Date "2021.03.13"]
[Round "2.2"]
[White "Ftacnik, Lubomir"]
[Black "Frank, Emanuel"]
[Result "1-0"]
[WhiteElo "2512"]
[BlackElo "2186"]
[PlyCount "59"]
[EventDate "2021.03.12"]
[EventType "team-tourn"]
[EventRounds "5"]
[EventCountry "AUT"]
[SourceTitle "CBM 201 Extra"]
[Source "ChessBase"]
[SourceDate "2021.05.31"]
[SourceVersion "1"]
[SourceVersionDate "2021.05.31"]
[SourceQuality "1"]
[WhiteTeam "Pinggau Friedberg"]
[BlackTeam "Villach Admira"]
[WhiteTeamCountry "AUT"]
[BlackTeamCountry "AUT"]

1. Nf3 d5 2. d4 Nf6 3. c4 e6 4. Nc3 Be7 5. Bf4 0-0 6. e3 b6 7. Bd3 c5 8. cxd5 Nxd5 9. Be4 Bb7 10. dxc5 bxc5 11. 0-0 f5 12. Qb3 Bc6 13. Bxd5 Bxd5 14. Nxd5 Qxd5 15. Qxd5 exd5 16. Rad1 Rd8 17. Rd2 Kf7 18. Bxb8 Rdxb8 19. Ne5+ Ke6 20. Nc6 Rb7 21. Rfd1 Bf8 22. Rxd5 Rxb2 23. Rd7 Kf6 24. a4 Ra2 25. a5 a6 26. Rc7 Re8 27. h4 Ke6 28. f4 c4 29. Nd8+ Kf6 30. Rc6+ 1-0

[Event "Bassano del Grappa op"]
[Site "Bassano del Grappa"]
[Date "2021.02.16"]
[Round "8"]
[White "Frank, Emanuel"]
[Black "Herega, Nejc"]
[Result "1-0"]
[WhiteElo "2240"]
[BlackElo "2052"]
[PlyCount "73"]
[EventDate "2021.02.12"]
[EventType "swiss"]
[EventRounds "9"]
[EventCountry "ITA"]
[SourceTitle "EXT 2023"]
[Source "ChessBase"]
[SourceDate "2022.10.05"]
[SourceVersion "1"]
[SourceVersionDate "2022.10.05"]
[SourceQuality "1"]

1. d4 Nf6 2. c4 e6 3. Nc3 Bb4 4. e3 d5 5. a3 Bd6 6. Bd3 0-0 7. Nge2 Nbd7 8. f3 c5 9. cxd5 exd5 10. 0-0 b6 11. Bd2 Bb7 12. Be1 Re8 13. Bf2 a6 14. Qd2 Qc7 15. Bg3 b5 16. Rae1 Rad8 17. Bb1 Bxg3 18. Nxg3 Nf8 19. dxc5 Qxc5 20. Nf5 Bc8 21. Nd4 Be6 22. Rc1 Qb6 23. Nce2 Rc8 24. Nf4 N8d7 25. Nd3 h5 26. Rc2 Rc4 27. b3 Rxd4 28. exd4 Qxd4+ 29. Nf2 Qb6 30. Rfc1 Ne5 31. Rd1 Bh3 32. Rcc1 Ne4 33. fxe4 Qg6 34. Ng4 Qxg4 35. Kh1 Nf3 36. gxh3 Qxh3 37. Qg2 1-0

[Event "Bassano del Grappa op"]
[Site "Bassano del Grappa"]
[Date "2021.02.14"]
[Round "4"]
[White "Frank, Emanuel"]
[Black "Toman, Jan"]
[Result "1/2-1/2"]
[WhiteElo "2240"]
[BlackElo "2052"]
[PlyCount "126"]
[EventDate "2021.02.12"]
[EventType "swiss"]
[EventRounds "9"]
[EventCountry "ITA"]
[SourceTitle "EXT 2023"]
[Source "ChessBase"]
[SourceDate "2022.10.05"]
[SourceVersion "1"]
[SourceVersionDate "2022.10.05"]
[SourceQuality "1"]

1. d4 Nf6 2. c4 e6 3. Nc3 Bb4 4. e3 0-0 5. Bd3 d5 6. Nge2 dxc4 7. Bxc4 c5 8. a3 cxd4 9. axb4 dxc3 10. Qxd8 Rxd8 11. Nxc3 Nc6 12. b5 Ne5 13. Be2 Nd3+ 14. Bxd3 Rxd3 15. Ke2 Rd8 16. e4 b6 17. Be3 Bb7 18. Ra4 a6 19. Bxb6 axb5 20. Rb4 Rdc8 21. Rd1 Rc4 22. Rxc4 bxc4 23. f3 h6 24. Rd8+ Rxd8 25. Bxd8 Nd7 26. Kd2 f5 27. exf5 exf5 28. Nd1 Bd5 29. Ne3 Be6 30. Kc3 Ne5 31. f4 Ng4 32. Nxc4 Nxh2 33. b4 Bd5 34. Ne3 Bb7 35. Kd4 Ng4 36. Nxf5 Bxg2 37. b5 Kf7 38. b6 Ke8 39. Bc7 g5 40. Nd6+ Kd7 41. f5 Nf6 42. Nf7 Ng4 43. Kc5 Bh1 44. Bg3 Be4 45. Nd6 Bg2 46. Nf7 Nf6 47. Ne5+ Kc8 48. Kd4 h5 49. Nf7 h4 50. Be5 Nd7 51. Bc7 Nf6 52. Nxg5 h3 53. Bg3 Kb7 54. Bc7 Ne8 55. Be5 Kxb6 56. Ne6 Kc6 57. Ke3 Nf6 58. Nd4+ Kd5 59. Bg3 Ng4+ 60. Kf4 Nh6 61. Nc2 Nxf5 62. Kxf5 Be4+ 63. Kg4 Bxc2 1/2-1/2

[Event "Bassano del Grappa op"]
[Site "Bassano del Grappa"]
[Date "2021.02.14"]
[Round "5"]
[White "Novotny, David"]
[Black "Frank, Emanuel"]
[Result "0-1"]
[WhiteElo "1979"]
[BlackElo "2240"]
[PlyCount "70"]
[EventDate "2021.02.12"]
[EventType "swiss"]
[EventRounds "9"]
[EventCountry "ITA"]
[SourceTitle "EXT 2023"]
[Source "ChessBase"]
[SourceDate "2022.10.05"]
[SourceVersion "1"]
[SourceVersionDate "2022.10.05"]
[SourceQuality "1"]

1. e4 e5 2. Nf3 Nc6 3. Bc4 d6 4. a4 g6 5. 0-0 Bg7 6. Re1 Nf6 7. d3 0-0 8. Nc3 h6 9. a5 a6 10. Nd5 Be6 11. c3 Bxd5 12. exd5 Ne7 13. Qb3 Rb8 14. d4 exd4 15. Nxd4 Nd7 16. f4 Bxd4+ 17. cxd4 Nf5 18. Be3 h5 19. Bd3 Qf6 20. Qc3 Rfc8 21. Be4 Qg7 22. Bxf5 gxf5 23. Bf2 Nf6 24. Qh3 Qg4 25. Ra3 Qxh3 26. Rxh3 Re8 27. Rg3+ Kh7 28. Rg5 Rxe1+ 29. Bxe1 Re8 30. Bh4 Ne4 31. Rxh5+ Kg6 32. Rg5+ Nxg5 33. fxg5 Re2 34. b4 Rd2 35. g4 Rxd4 0-1

[Event "Bassano del Grappa op"]
[Site "Bassano del Grappa"]
[Date "2021.02.13"]
[Round "2"]
[White "Hercog, Nusa"]
[Black "Frank, Emanuel"]
[Result "1-0"]
[WhiteElo "2109"]
[BlackElo "2240"]
[PlyCount "75"]
[EventDate "2021.02.12"]
[EventType "swiss"]
[EventRounds "9"]
[EventCountry "ITA"]
[SourceTitle "EXT 2023"]
[Source "ChessBase"]
[SourceDate "2022.10.05"]
[SourceVersion "1"]
[SourceVersionDate "2022.10.05"]
[SourceQuality "1"]

1. d4 d5 2. c4 e6 3. Nc3 c6 4. e4 Bb4 5. e5 Ne7 6. Nf3 c5 7. a3 Bxc3+ 8. bxc3 Nbc6 9. cxd5 exd5 10. h3 Qa5 11. Bd2 c4 12. Be2 0-0 13. 0-0 Qc7 14. Nh2 Na5 15. g4 f6 16. exf6 Rxf6 17. Bg5 Rf7 18. Qc2 Bd7 19. Bf3 Qd6 20. Bxe7 Rxe7 21. Rae1 Rae8 22. Rxe7 Rxe7 23. Bg2 Be8 24. f4 Bf7 25. a4 Qa3 26. Nf3 Qb3 27. Qd2 Qxa4 28. f5 Qe8 29. Ne5 Nc6 30. Nxf7 Qxf7 31. f6 gxf6 32. Qh6 Rd7 33. Rxf6 Qg7 34. Qf4 a5 35. Rf5 h6 36. Bxd5+ Kh7 37. Bxc4 a4 38. Rf8 1-0

[Event "Innsbruck op 4th"]
[Site "Innsbruck"]
[Date "2020.08.25"]
[Round "5"]
[White "Wecker, Martin"]
[Black "Frank, Emanuel"]
[Result "1/2-1/2"]
[WhiteElo "2166"]
[BlackElo "2254"]
[PlyCount "44"]
[EventDate "2020.08.22"]
[EventType "swiss"]
[EventRounds "9"]
[EventCountry "AUT"]
[SourceTitle "CBM 198 Extra"]
[Source "ChessBase"]
[SourceDate "2020.11.30"]
[SourceVersion "1"]
[SourceVersionDate "2020.11.30"]
[SourceQuality "1"]

1. Nf3 d5 2. g3 c6 3. Bg2 Bg4 4. c4 e6 5. cxd5 exd5 6. 0-0 Nd7 7. d3 Ngf6 8. Nc3 Be7 9. e4 dxe4 10. dxe4 Nc5 11. Qc2 Qd3 12. Ne1 Qxc2 13. Nxc2 Nd3 14. Be3 0-0 15. h3 Be6 16. b3 Ne8 17. Rad1 Nb4 18. Nxb4 Bxb4 19. Na4 b6 20. Nb2 f6 21. Nd3 Be7 22. e5 Bd5 1/2-1/2

[Event "Innsbruck op 4th"]
[Site "Innsbruck"]
[Date "2020.08.22"]
[Round "1"]
[White "Erwin Casero, Daniel"]
[Black "Frank, Emanuel"]
[Result "0-1"]
[WhiteElo "1967"]
[BlackElo "2254"]
[PlyCount "56"]
[EventDate "2020.08.22"]
[EventType "swiss"]
[EventRounds "9"]
[EventCountry "AUT"]
[SourceTitle "CBM 198 Extra"]
[Source "ChessBase"]
[SourceDate "2020.11.30"]
[SourceVersion "1"]
[SourceVersionDate "2020.11.30"]
[SourceQuality "1"]

1. e4 e5 2. Nf3 Nc6 3. Bb5 a6 4. Ba4 Nf6 5. 0-0 Be7 6. Re1 b5 7. Bb3 d6 8. c3 0-0 9. h3 Na5 10. Bc2 c5 11. d4 Qc7 12. Nbd2 cxd4 13. cxd4 Nc6 14. Nf1 exd4 15. b3 Nb4 16. Nxd4 Nxc2 17. Nxc2 Bb7 18. Ng3 d5 19. e5 Ne4 20. Nf5 Bc5 21. Ncd4 Qxe5 22. Re3 Bc8 23. b4 Bb6 24. f4 Qf6 25. Bb2 Bxf5 26. g4 Bd7 27. f5 Rac8 28. Rb1 Nc3 0-1

[Event "Spilimbergo op 18th"]
[Site "Spilimbergo"]
[Date "2020.08.13"]
[Round "7"]
[White "Frank, Emanuel"]
[Black "Barp, Alberto"]
[Result "0-1"]
[WhiteElo "2254"]
[BlackElo "2375"]
[PlyCount "106"]
[EventDate "2020.08.09"]
[EventType "swiss"]
[EventRounds "9"]
[EventCountry "ITA"]
[SourceTitle "CBM 197 Extra"]
[Source "ChessBase"]
[SourceDate "2020.09.30"]
[SourceVersion "1"]
[SourceVersionDate "2020.09.30"]
[SourceQuality "1"]

1. d4 d5 2. c4 e6 3. Nf3 Nf6 4. g3 Bb4+ 5. Bd2 Be7 6. Bg2 0-0 7. 0-0 Nbd7 8. Qc2 c6 9. Rd1 Ne4 10. Be1 f5 11. Nc3 Qe8 12. e3 Qh5 13. Ne2 g5 14. b4 Nd6 15. c5 Nc4 16. Bc3 Bf6 17. Rac1 Bg7 18. Qd3 Nf6 19. Nd2 Nxd2 20. Qxd2 Ne4 21. Qd3 Rf6 22. Bb2 Rh6 23. h3 Bd7 24. a4 a6 25. f3 Nf6 26. Kf2 Rf8 27. Rh1 Ne4+ 28. Ke1 Nxg3 29. Nxg3 Qh4 30. Qe2 f4 31. e4 dxe4 32. Qxe4 Qxg3+ 33. Kf1 Re8 34. Qe1 e5 35. dxe5 Rhe6 36. Qxg3 fxg3 37. h4 Bxe5 38. Bh3 Bxb2 39. Bxe6+ Bxe6 40. Rc2 Bf6 41. hxg5 Bxg5 42. Kg2 Bf5 43. Rb2 Bf4 44. Rh4 Bc7 45. Rh5 Bg6 46. Rh4 Kf7 47. Rh1 h5 48. Rh4 Kf6 49. b5 axb5 50. axb5 cxb5 51. Rhb4 Bf5 52. Rxb5 h4 53. f4 Re3 0-1

[Event "Ceske Budejovice op-A"]
[Site "Ceske Budejovice"]
[Date "2020.07.05"]
[Round "5"]
[White "Frank, Emanuel"]
[Black "Pulpan, Jakub"]
[Result "1/2-1/2"]
[WhiteElo "2271"]
[BlackElo "2410"]
[PlyCount "42"]
[EventDate "2020.07.01"]
[EventType "swiss"]
[EventRounds "9"]
[EventCountry "CZE"]
[SourceTitle "CBM 197 Extra"]
[Source "ChessBase"]
[SourceDate "2020.09.30"]
[SourceVersion "1"]
[SourceVersionDate "2020.09.30"]
[SourceQuality "1"]

1. d4 Nf6 2. c4 e6 3. g3 d5 4. Nf3 Bb4+ 5. Bd2 Be7 6. Bg2 0-0 7. 0-0 c6 8. Qc2 b6 9. Rd1 Ba6 10. Ne5 Nfd7 11. cxd5 cxd5 12. e4 Nxe5 13. exd5 Be2 14. dxe5 Bxd1 15. Qxd1 exd5 16. Nc3 Nd7 17. Nxd5 Rc8 18. Qg4 Re8 19. Bh3 Rc5 20. Nxe7+ Rxe7 21. Bg5 Nxe5 1/2-1/2